000 00705nam a2200229Ia 4500
003 OSt
005 20220930194849.0
006 a|||||r|||| 00| 0
007 ta
008 220926b |||||||| |||| 00| 0 eng d
024 _a13316
037 _cDissertations
040 _aCRL
_cCRL
_beng
041 _2eng
_aeng
110 _aUniversity of Delhi. Faculty of Social Sciences. Department of Human Geography
_9390174
245 0 _aGeographic study of Azhoor
_b A coastal village in Kerala
260 _c1965
650 _aHUMAN GEOGRAPHY
700 _aUniversity of Delhi. Faculty of Social Sciences. Department of Human Geography
_9390175
942 _cDIS
_2CC
999 _c898244
_d898244